[Event "Raskazovo"]
[Site "Raskazovo"]
[Date "2016.12.05"]
[Round "9"]
[White "Trubizin, Ivan"]
[Black "Zaitsev, Alexander"]
[Result "0-1"]
[WhiteElo "2141"]
[BlackElo "2506"]
[PlyCount "50"]
[EventDate "2016.11.29"]
[EventType "tourn"]
[EventRounds "9"]
[EventCountry "RUS"]
[EventCategory "3"]
[SourceTitle "EXT 2018"]
[Source "ChessBase"]
[SourceDate "2017.10.13"]
[SourceVersion "1"]
[SourceVersionDate "2017.10.13"]
[SourceQuality "1"]

1. d4 Nf6 2. c4 c5 3. d5 b5 4. cxb5 a6 5. bxa6 Bxa6 6. Nc3 d6 7. Nf3 g6 8. g3 Bg7 9. Bg2 0-0 10. 0-0 Nbd7 11. Re1 Qa5 12. e4 Ng4 13. Bd2 Rfb8 14. Qc2 Nge5 15. Nxe5 Nxe5 16. Nd1 Bd3 17. Bxa5 Bxc2 18. Bc3 Nd3 19. Re2 Bxd1 20. Rxd1 Nxb2 21. Rxb2 Bxc3 22. Rxb8+ Rxb8 23. Rc1 Bd4 24. Kf1 Rb2 25. f4 Rf2+ 0-1

[Event "Raskazovo"]
[Site "Raskazovo"]
[Date "2016.12.02"]
[Round "5"]
[White "Trubizin, Ivan"]
[Black "Kozlov, Mikhail P"]
[Result "1/2-1/2"]
[WhiteElo "2141"]
[BlackElo "2211"]
[PlyCount "101"]
[EventDate "2016.11.29"]
[EventType "tourn"]
[EventRounds "9"]
[EventCountry "RUS"]
[EventCategory "3"]
[SourceTitle "EXT 2018"]
[Source "ChessBase"]
[SourceDate "2017.10.13"]
[SourceVersion "1"]
[SourceVersionDate "2017.10.13"]
[SourceQuality "1"]

1. e4 d6 2. d4 Nf6 3. Nc3 g6 4. f3 Bg7 5. Be3 0-0 6. Qd2 c6 7. 0-0-0 b5 8. g4 Qa5 9. Kb1 b4 10. Nce2 Be6 11. Nc1 Nbd7 12. Nge2 Nb6 13. Ng3 Bc4 14. Be2 Nfd7 15. b3 Bxe2 16. Ngxe2 c5 17. dxc5 dxc5 18. Bh6 c4 19. Bxg7 Kxg7 20. h4 Qa3 21. c3 cxb3 22. axb3 a5 23. h5 Kg8 24. Qb2 Qxb2+ 25. Kxb2 bxc3+ 26. Nxc3 a4 27. Rd4 axb3 28. Nd3 Rfb8 29. f4 f6 30. Rb4 Rc8 31. Kxb3 Rc6 32. Nb5 e5 33. fxe5 Nxe5 34. Nxe5 fxe5 35. hxg6 hxg6 36. Rd1 Rf8 37. Rd3 Rf4 38. g5 Rg4 39. Rc3 Rxc3+ 40. Nxc3 Nd7 41. Rc4 Rxg5 42. Nd5 Kf7 43. Rc7 Ke6 44. Rc6+ Kf7 45. Rc7 Ke8 46. Kb4 Rh5 47. Kb5 Rh7 48. Rc8+ Kf7 49. Rc7 Ke6 50. Rc6+ Kf7 51. Rc7 1/2-1/2

[Event "Tula Rjazanov Memorial"]
[Site "Tula"]
[Date "2016.02.08"]
[Round "3"]
[White "Trubizin, Ivan"]
[Black "Korolev, Anatoly Vladimirovi"]
[Result "1-0"]
[WhiteElo "2117"]
[BlackElo "1912"]
[PlyCount "75"]
[EventDate "2016.02.05"]
[EventType "swiss"]
[EventRounds "9"]
[EventCountry "RUS"]
[SourceTitle "CBM 171 Extra"]
[Source "ChessBase"]
[SourceDate "2016.04.26"]
[SourceVersion "1"]
[SourceVersionDate "2016.04.26"]
[SourceQuality "1"]

1. d4 d5 2. c4 e6 3. Nc3 Nf6 4. cxd5 exd5 5. Bg5 Be7 6. e3 c6 7. Bd3 0-0 8. Qc2 Nbd7 9. Nf3 Re8 10. 0-0 Nf8 11. Rab1 Ne4 12. Bxe7 Qxe7 13. b4 Ng6 14. b5 Bg4 15. Bxe4 dxe4 16. Nd2 cxb5 17. Rxb5 Rac8 18. Qb3 b6 19. Ndxe4 Be6 20. d5 Bd7 21. d6 Qe6 22. Rd5 Ne5 23. Rc1 Bc6 24. Rdd1 Qg6 25. Ng3 h5 26. Nd5 h4 27. Ne7+ Rxe7 28. dxe7 hxg3 29. Rd8+ Kh7 30. hxg3 Rc7 31. e8Q Bxe8 32. Rxc7 Bc6 33. Rcc8 Qe4 34. f3 Nxf3+ 35. gxf3 Qxf3 36. Rh8+ Kg6 37. Rxc6+ Qxc6 38. Qd3+ 1-0

[Event "Tula Efremenkov Memorial"]
[Site "Tula"]
[Date "2015.01.14"]
[Round "1"]
[White "Trubizin, Ivan"]
[Black "Postypalskiy, Mihail"]
[Result "0-1"]
[WhiteElo "2194"]
[BlackElo "2323"]
[PlyCount "70"]
[EventDate "2015.01.14"]
[EventType "tourn"]
[EventRounds "13"]
[EventCountry "RUS"]
[EventCategory "2"]
[SourceTitle "CBM 164 Extra"]
[Source "ChessBase"]
[SourceDate "2015.03.02"]
[SourceVersion "1"]
[SourceVersionDate "2015.03.02"]
[SourceQuality "1"]

1. e4 e5 2. Nf3 Nc6 3. d4 exd4 4. Nxd4 Bc5 5. Nxc6 Qf6 6. f4 Qxc6 7. Nc3 Nf6 8. Bd3 0-0 9. Qf3 d6 10. Be3 Bg4 11. Qg3 Rfe8 12. Bb5 Qxb5 13. Nxb5 Rxe4 14. Kd2 Bxe3+ 15. Qxe3 Rxe3 16. Kxe3 Re8+ 17. Kf2 Re2+ 18. Kg3 Bd7 19. Nxa7 Re3+ 20. Kf2 Re4 21. g3 Ra4 22. Rhe1 Rxa7 23. b3 b5 24. a3 Kf8 25. Kg1 Nd5 26. Re2 Bf5 27. a4 Nb4 28. c3 Nd5 29. Rae1 Ra8 30. axb5 Nxc3 31. Re7 Nxb5 32. R7e3 Nd4 33. Rd1 c5 34. Rd2 Rb8 35. Rb2 c4 0-1